| 000 | 00444nam a2200181Ia 4500 | ||
|---|---|---|---|
| 005 | 20250423101146.0 | ||
| 008 | 250422s9999 xx 000 0 und d | ||
| 020 | _a9781942303312 | ||
| 050 | _aNA 4510 .M87/ | ||
| 100 | _aMurphy, Michael P. | ||
| 245 | 4 | _aThe Architecture of Health | |
| 260 | _aNew York | ||
| 260 | _b Cooper Hewitt | ||
| 260 | _c2023 | ||
| 300 | _a364 p | ||
| 650 | _aArchitecture Hospital architecture | ||
| 942 | _cBK | ||
| 999 |
_c35468 _d35468 |
||